000 00329pam a2200157a 44500
008 230515b2007 xxu||||| |||| 00| 0 eng d
020 _aNULL
041 _aENGLISH
082 _a5.13
100 _aLISCHNER RAY
245 _aC++ IN A NUTSHELL
250 _a1
260 _aNULL
_bNA
_c2007
300 _a791
650 _aNULL
999 _c636917
_d636917